00741nam a2200241 a 4500001001300000003000900013005001700022008004100039020002300080082001300103100002000116245005300136260004600189300000900235500003500244505001000279650002900289700002000318902000800338942000700346952012900353999001700482nice12345678IN_TiNIC20260116013644.0050524s1995 mada grp 000 0 eng  a8120665 c49500a913bRAV aRavenstein, E G aJournal of the Voyage of Vasco Da Gama 1497-1499 aMadrasbAsian Educational Services c1995 a250p aincludes index and biblioraphy2 aIndex aTravelogue-Vasco Da Gama1 aRavenstein, E G bSRS cBK 001040708StackRoom-aHMIbHMId2011-12-09g495.00l2m3o913 RAVp016663r2022-11-07s2015-12-08v495.00w2005-05-24yBK c11829d11829